[Event "Kinross USSA op"]
[White "Jacobs, Cavan"]
[Black "Mabuto, Briswell"]
[Site "Kinross"]
[Round "6"]
[Result "1-0"]
[Date "2018.07.05"]
[WhiteElo "1762"]
[BlackElo "1444"]
[PlyCount "89"]
[EventDate "2018.07.02"]
[EventType "swiss"]
[EventRounds "9"]
[EventCountry "RSA"]
[SourceTitle "CBM 185 Extra"]
[Source "ChessBase"]
[SourceDate "2018.07.29"]
[SourceVersion "1"]
[SourceVersionDate "2018.07.29"]
[SourceQuality "1"]

1. e4 c5 2. Nf3 g6 3. d4 cxd4 4. Nxd4 Bg7 5. c4 Nc6 6. Be3 Nf6 7. Nc3 d6 8. Be2 Nxd4 9. Qxd4 0-0 10. Qd2 Re8 11. 0-0 Bd7 12. f3 Qa5 13. Rac1 Bc6 14. b3 a6 15. Rfd1 Qh5 16. Nd5 Rac8 17. Nf4 Qe5 18. Bd4 Qg5 19. Be3 Qe5 20. Nd3 Qh5 21. Bg5 h6 22. Be3 g5 23. c5 Qh4 24. g4 Nxe4 25. fxe4 Bxe4 26. Nf2 Be5 27. Nxe4 Qxh2+ 28. Kf1 Qh1+ 29. Bg1 Qxe4 30. Qe3 Qh1 31. Qf3 Qh4 32. Bc4 Bf4 33. Rc2 Rf8 34. cxd6 exd6 35. Qd3 Rce8 36. Qg6+ Kh8 37. Qf6+ Kg8 38. Rg2 Be5 39. Qf3 Re6 40. Bd3 Rf6 41. Bf5 h5 42. Bf2 hxg4 43. Rxg4 Qh5 44. Be3 Rg6 45. Ke2 1-0

[Event "Witwatersrand op"]
[White "Mabuto, Briswell"]
[Black "Mamonyane, Thabang"]
[Site "Witwatersrand"]
[Round "6.8"]
[Result "1-0"]
[Date "2017.07.06"]
[WhiteElo "1394"]
[BlackElo "1771"]
[PlyCount "55"]
[EventDate "2017.07.03"]
[EventType "swiss"]
[EventRounds "9"]
[EventCountry "RSA"]
[SourceTitle "EXT 2018"]
[Source "ChessBase"]
[SourceDate "2017.10.13"]
[SourceVersion "1"]
[SourceVersionDate "2017.10.13"]
[SourceQuality "1"]

1. d4 d5 2. e4 dxe4 3. Nc3 Nf6 4. f3 exf3 5. Nxf3 Bf5 6. Bc4 e6 7. 0-0 Be7 8. Ne5 Bg6 9. Bg5 0-0 10. Ne2 Nd5 11. Bxe7 Qxe7 12. c3 Nd7 13. Nxg6 hxg6 14. Rf3 N7f6 15. Qe1 c5 16. Qg3 Ne4 17. Qe1 Nef6 18. Rh3 cxd4 19. Nxd4 Nf4 20. Rf3 e5 21. Rxf4 Qc5 22. Rf2 exd4 23. Bb3 Ng4 24. cxd4 Qxd4 25. Rd1 Qxf2+ 26. Qxf2 Nxf2 27. Kxf2 Rad8 28. Ke1 1-0